SpongeBob Characters by Picture Quiz Stats

Quiz Updated Mar 11, 2015

Challenge
Share
Tweet
Score 0/25 Timer 06:00
5 Plays Today
Character % Correct
SpongeBob SquarePants
98.7%
Patrick Star
97.6%
Squidward Tentancles
94.1%
Gary the Snail
92.3%
Sheldon J. Plankton
91.9%
Sandy Cheeks
91.4%
Mr. Krabs
90.1%
Mrs. Puff
84%
Mermaid Man
81.3%
Pearl Krabs
81.2%
Larry the Lobster
79.2%
Barnacle Boy
78.2%
Karen Plankton
68.2%
Character % Correct
Dirty Bubble
65.7%
Flying Dutchman
63.4%
King Neptune
61.5%
Grandma Squarepants
57.8%
Squilliam Fancyson
57.2%
Mrs. Betsy Krabs
54.5%
Bubble Buddy
53.5%
Patchy the Pirate
52.1%
Man Ray
51.3%
DoodleBob
51%
Flatts Monroe Flounder
41.3%
Old Man Jenkins
38.4%

You're not logged in!

Compare scores with friends on all Sporcle quizzes.
Sign Up with Email
OR
Log In

You Might Also Like...

Show Comments

Extras

Top Quizzes Today


Score Distribution

Your Account Isn't Verified!

In order to create a playlist on Sporcle, you need to verify the email address you used during registration. Go to your Sporcle Settings to finish the process.